书目信息 |
| 题名: |
基本国情基本路线教育纲要
|
|
| 作者: | 孙殿义 , 李正栋 主编 | |
| 分册: | ||
| 出版信息: | 北京 红旗出版社 1991 |
|
| 页数: | 352页 | |
| 开本: | 20cm | |
| 丛书名: | ||
| 单 册: | ||
| 中图分类: | D647 , D60 | |
| 科图分类: | ||
| 主题词: | 爱国主义教育--职工教育--教材 , 爱国主义教育 , 党的基本路线 | |
| 电子资源: | ||
| ISBN: | 7-80068-198-X | |
| 000 | 00904nam0 2200289 450 | |
| 001 | 1535772851 | |
| 005 | 20150121095735.95 | |
| 010 | @a7-80068-198-X@dCNY5.20 | |
| 100 | @a20130329d1991 em y0chiy0110 ea | |
| 101 | 0 | @achi |
| 102 | @aCN@b110000 | |
| 105 | @ay z 000yy | |
| 200 | 1 | @a基本国情基本路线教育纲要@9ji ben guo qing ji ben lu xian jiao yu gang yao@f孙殿义,李正栋主编 |
| 210 | @a北京@c红旗出版社@d1991 | |
| 215 | @a352页@d20cm | |
| 330 | @a本书对国情历史、社会主义制度、社会主义基本路线、党的领导等方面理论作了论述。 | |
| 601 | 02 | @a中国共产党@x党的基本路线@x职工教育@x教材 |
| 601 | 02 | @a中国共产党 |
| 606 | 0 | @a爱国主义教育@x职工教育@x教材 |
| 606 | 0 | @a爱国主义教育 |
| 606 | 0 | @a党的基本路线 |
| 690 | @aD647@v5 | |
| 690 | @aD60@v4 | |
| 701 | 0 | @a孙殿义@9sun dian yi@4主编 |
| 701 | 0 | @a李正栋@9li zheng dong@4主编 |
| 801 | 0 | @aCN@bTSSF@c20150121 |
| 905 | @aZUCC@dD60@eJY5 | |
| 基本国情基本路线教育纲要/孙殿义,李正栋主编.-北京:红旗出版社,1991 |
| 352页;20cm |
| ISBN 7-80068-198-X:CNY5.20 |
| 本书对国情历史、社会主义制度、社会主义基本路线、党的领导等方面理论作了论述。 |
| ● |
| 相关链接 |
|
|
|
|
正题名:基本国情基本路线教育纲要
索取号:D60/JY5
 
预约/预借
| 序号 | 登录号 | 条形码 | 馆藏地/架位号 | 状态 | 备注 |
| 1 | 7856486 | 278564867 | 学院路分馆/ [索取号:D60/JY5] | 在馆 |